Soft water solution (Record no. 84840)

MARC details
000 -LEADER
fixed length control field 00839cab a22002175a 4500
001 - CONTROL NUMBER
control field L159229
008 - FIXED-LENGTH DATA ELEMENTS--GENERAL INFORMATION
fixed length control field 130102e2016 xxk 000 0 eng d
035 ## - SYSTEM CONTROL NUMBER
System control number (Sirsi) u159229
041 0# - LANGUAGE CODE
Language code of text/sound track or separate title eng
050 ## - LIBRARY OF CONGRESS CALL NUMBER
Classification number 627.4
100 1# - MAIN ENTRY--PERSONAL NAME
Personal name Cronin, Ben
245 00 - TITLE STATEMENT
Title Soft water solution
Remainder of title How soft engineering kept the Yorkshire town of Pickering flood free this winter
260 ## - PUBLICATION, DISTRIBUTION, ETC.
Date of publication, distribution, etc. 2016
490 ## - SERIES STATEMENT
Series statement New Civil Engineer
Volume/sequential designation April 2016, 72-76(5)
520 ## - SUMMARY, ETC.
Summary, etc. Introduces the collaborative project of the flood defence scheme in Pickering which involved a catchment management approach incorporating a combination of soft and hard engineering measures.
650 24 - SUBJECT ADDED ENTRY--TOPICAL TERM
Topical term or geographic name entry element FLOOD DEFENCES
650 24 - SUBJECT ADDED ENTRY--TOPICAL TERM
Topical term or geographic name entry element ENVIRONMENTAL AGENCY
651 #4 - SUBJECT ADDED ENTRY--GEOGRAPHIC NAME
Geographic name United Kingdom
Chronological subdivision
690 ## - LOCAL SUBJECT ADDED ENTRY--TOPICAL TERM (OCLC, RLIN)
Topical term or geographic name as entry element ENVIRONMENTAL AND LAND CONSULTANCY-WATER RESOURCE MANAGEMENT-FLOODING
942 ## - ADDED ENTRY ELEMENTS (KOHA)
Suppress in OPAC 0
Holdings
Withdrawn status Lost status Source of classification or shelving scheme Damaged status Not for loan Home library Current library Shelving location Date acquired Total Checkouts Full call number Barcode Date last seen Copy number Price effective from Koha item type
    Dewey Decimal Classification     London London Journal article 21/03/2016   L159229 159229-1001 06/08/2019 1 06/08/2019 Journal article